000 01371nam a2200349 i 4500
001 000046617
003 DO-SdBNP
005 20260528095642.0
007 ta
008 170202s2014 dr 000 0 spa d
020 _a9789945590036
040 _aDO-SdBNP
_bspa
_cBNPHU
_erda
041 _aspa
082 4 _aRD864.5
_bB846t
_222
245 0 0 _aBrevísimo tópicos para la historia chiquita y otros ensayos /
_cPedro Carreras ... [y otros].
264 4 _aSanto Domingo República Dominicana :
_bFUNGLODE,
_c©2014.
300 _a264 páginas ;
_c23 cm.
336 _atexto
_btxt
_2rdacontent
337 _asin mediación
_bn
_2rdamedia
338 _avolumen
_bnc
_2rdacarrier
490 0 _aPremios FUNGLODE /GFDD, 2013
500 _aqIncluye referencias bibliográficas y notas al pie de las páginas
505 _aBrevísimo tópicos para la historia /
_rPedro Carreras --
_tAljaba de mitos /
_rMarlon Anzellotti --
_tEl mito de Proteo /
_rEnrique Soldevilla --
_tTraspatio. ¿El lugar olvidado? /
_rBismar Galán
586 _aPremio FUNGLODE de Ensayo Pedro Francisco Bonó 2013
650 7 _aEnsayos dominicanos
_2LEMB
650 7 _aLiteratura dominicana
_2LEMB
700 1 _aAnzellotti, Marlon
_974615
700 1 _aSoldevilla, Enrique
_974616
700 1 _aGalán, Bismar,
_d1961-
_91490
910 _aValidado. Control de calidad MFF
942 _2ddc
_cLBS1
999 _c46106
_d46106